000 00320nam a22001457a 4500
005 20251119122653.0
082 _a005.73 JYO
100 _aJyothi T J
_91107
245 _aData Structures and Algorithms
250 _a1
260 _aOwl Books
_bTrivandrum
_c2025
546 _aEnglish
650 _aCSE
_914
942 _cBK
999 _c38022
_d38022